Ανάλυση Εγκλημάτων / Εγκληματολογική Προσέγγιση (Record no. 4338)
[ view plain ]
| 000 -LEADER | |
|---|---|
| fixed length control field | 01213cam a22001814a 4500 |
| 005 - ΗΜΕΡΟΜΗΝΙΑ ΚΑΙ ΩΡΑ ΤΕΛΕΥΤΑΙΑΣ ΕΝΗΜΕΡΩΣΗΣ | |
| Πεδίο ελέγχου | 20250605164143.0 |
| 008 - FIXED-LENGTH DATA ELEMENTS--GENERAL INFORMATION | |
| Πεδίο ελέγχου σταθερού μήκους | 250528s ||||||||||||||||||||||||d |
| 035 ## - SYSTEM CONTROL NUMBER | |
| System control number | 19054 |
| 040 ## - ΠΗΓΗ ΚΑΤΑΛΟΓΟΓΡΑΦΗΣΗΣ | |
| Φορέας πρωτότυπης καταλογογράφησης | MC Athens Campus Library |
| Γλώσσα καταλογογράφησης | Ελληνικά, Μοντέρνα (1453-) |
| Modifying agency | MC Athens Campus Library |
| Κανόνες περιγραφικής καταλογογράφησης | AACR2 |
| 245 1# - ΤΙΤΛΟΣ ΚΑΙ ΔΗΛΩΣΗ ΥΠΕΥΘΥΝΟΤΗΤΑΣ | |
| Τίτλος | Ανάλυση Εγκλημάτων / Εγκληματολογική Προσέγγιση |
| 260 ## - PUBLICATION, DISTRIBUTION, ETC. | |
| Name of publisher, distributor, etc. | Αντ. Ν. Σάκκουλα, |
| Date of publication, distribution, etc. | 1990 |
| 300 ## - PHYSICAL DESCRIPTION | |
| Extent | 256 |
| 520 ## - SUMMARY, ETC. | |
| Summary, etc. | Πρόλογος, Εισαγωγή, Η Μελέτη του Εγκλήματος, Η Ανάλυση Εγκλημάτων, Η Στατιστική Ανάλυση, Η Ερευνητική Ανάλυση, Η Αστυνομική Ανάλυση, Ανάλυση Δέκα Εγκλημάτων, Γενικά, Η Ανθρωποκτονία, Ο Βιασμός, Η Αποπλάνηση Παιδιών, Η Αιμομιξία, Η Κλοπή, Η Ληστεία, Η Απάτη, Η Υπεξαίρεση, Ο Εμπρησμός, Η Χρήση και Εμπορία και Κατοχή Ουσιών που Δημιουργούν Εξάρτηση, Διαγράμματα, Ευρετήριο Ονομάτων. |
| 700 1# - ΠΡΟΣΘΕΤΗ ΑΝΑΓΡΑΦΗ--ΦΥΣΙΚΟ ΠΡΟΣΩΠΟ | |
| Personal name | Τσουραμάνης Χρήστος Ε |
| 9 (RLIN) | 5322 |
| 942 ## - ADDED ENTRY ELEMENTS (KOHA) | |
| Koha item type | Books |
| Τύπος τεκμηρίου | Βιβλιοθήκη | Τρέχουσα τοποθεσία | Barcode | Αριθμός εισαγωγής | Ημερομηνία απόκτησης | Ταξιθετικό σύμβολο | Αριθμός αντιτύπου | Κατάσταση απόσυρσης | Κατάσταση χαμένου | Κατάσταση κατεστραμμένου | Μη δανεισμός | Σύνολο δανεισμών | Ημερομηνία τελευταίας εμφάνισης | Η τιμή ισχύει από |
|---|---|---|---|---|---|---|---|---|---|---|---|---|---|---|
| Books | MC Athens Campus Library | MC Athens Campus Library | 9780000043375 | 3991 | 05/06/2025 | 364 TSU | 1 | 05/06/2025 | 05/06/2025 |